| 000 | 00622nam a2200253Ia 4500 | ||
|---|---|---|---|
| 008 | 170203s9999 xx 000 0 und d | ||
| 020 | _a0-43925051x | ||
| 050 | _aFIc | ||
| 050 | _bD545b | ||
| 100 | _aDiCamillo, Kate. | ||
| 245 | _aBecause of Winn-Dixie / | ||
| 245 | _cKate DiCamillo. | ||
| 260 | _aNew York : | ||
| 260 | _bScholastic, | ||
| 260 | _c2000 | ||
| 300 | _a182 pages ; | ||
| 300 | _c18 cm | ||
| 650 | _aCity and town life -- Florida -- | ||
| 650 | _aDogs -- | ||
| 650 | _aFriendship -- | ||
| 650 | _xJuvenile fiction. | ||
| 650 | _xJuvenile fiction. | ||
| 650 | _xJuvenile fiction. | ||
| 999 |
_c306419 _d306419 |
||